[Event "Chpt de France Universitaire"]
[Site "Nantes"]
[Date "2013.03.23"]
[Round "1.1"]
[White "Lagarde, Maxime"]
[Black "Viers, Emmanuel"]
[Result "1-0"]
[WhiteElo "2560"]
[BlackElo "2030"]
[PlyCount "59"]
[EventDate "2013.??.??"]

1. e4 c5 2. Nf3 Nc6 3. Bb5 g6 4. Bxc6 bxc6 5. d3 Bg7 6. Nc3 Rb8 7. O-O d5 8. h3
Nf6 9. Re1 O-O 10. Rb1 Qa5 11. Bf4 Rb7 12. e5 Nd7 13. Qd2 d4 14. Ne4 Qxa2 15.
b3 Qa3 16. Ra1 Qb4 17. Qc1 Nb6 18. Bd2 Qb5 19. Ra5 Qxa5 20. Bxa5 Nd7 21. Bd2
Rb5 22. Bh6 f5 23. Bxg7 Kxg7 24. Ned2 Rd8 25. Nc4 Nf8 26. e6 Bxe6 27. Ng5 Kf6
28. Nxe6 Nxe6 29. Qd2 Nc7 30. Qe2 1-0

[Event "Chpt de France Universitaire"]
[Site "Nantes"]
[Date "2013.03.23"]
[Round "1.2"]
[White "Sauviat, Thomas"]
[Black "Sochacki, Wojtek"]
[Result "0-1"]
[WhiteElo "2010"]
[BlackElo "2540"]
[PlyCount "76"]
[EventDate "2013.??.??"]

1. c4 c5 2. Nc3 Nc6 3. g3 g6 4. Bg2 Bg7 5. Nf3 Nf6 6. O-O O-O 7. d4 cxd4 8.
Nxd4 Nxd4 9. Qxd4 d6 10. Qh4 Qb6 11. Nd5 Nxd5 12. cxd5 e5 13. Rb1 Bd7 14. Bd2
Bb5 15. Rfe1 Rac8 16. Bc3 Rc4 17. e4 f5 18. Bf1 Rc7 19. Bxb5 Qxb5 20. exf5 gxf5
21. a4 Qxd5 22. Rbd1 Qe6 23. Qb4 Rd8 24. Qa5 b6 25. Qd5 Qxd5 26. Rxd5 Rc5 27.
Red1 Rxd5 28. Rxd5 Kf7 29. a5 bxa5 30. Rxa5 Rd7 31. Kg2 d5 32. Bb4 Bf8 33. Bd2
Be7 34. Ra6 Bc5 35. Bg5 Rd6 36. Ra5 Bb6 37. Ra4 Rc6 38. Rh4 Kg7 0-1

[Event "Chpt de France Universitaire"]
[Site "Nantes"]
[Date "2013.03.23"]
[Round "1.3"]
[White "Gonzalez, Andres G"]
[Black "Sebag, Marie"]
[Result "0-1"]
[WhiteElo "2000"]
[BlackElo "2504"]
[PlyCount "94"]
[EventDate "2013.03.23"]

1. c4 c6 2. Nf3 d5 3. cxd5 cxd5 4. g3 Nc6 5. Bg2 e5 6. O-O Nf6 7. d3 Be7 8. b3
Bg4 9. Bb2 Bxf3 10. Bxf3 O-O 11. Nd2 Qd7 12. Rc1 Rad8 13. Bg2 Rfe8 14. Nf3 d4
15. a3 a5 16. Nd2 Nd5 17. Ne4 b6 18. Rc2 f5 19. Nd2 Bf6 20. Qa1 e4 21. dxe4 Nc3
22. Nc4 fxe4 23. Nxb6 Qb7 24. Na4 Qxb3 25. Nxc3 dxc3 26. Bxc3 Qxc2 27. Bxf6
gxf6 28. Qxf6 Qc5 29. Bh3 Nd4 30. e3 Nf3+ 31. Kg2 Qe5 32. Qb6 Rd6 33. Qb3+ Kg7
34. Rc1 Rh6 35. Rh1 Re7 36. Qc2 Rxh3 37. Kxh3 Qh5+ 38. Kg2 Qxh2+ 39. Rxh2 Ne1+
40. Kf1 Nxc2 41. a4 Kg6 42. Ke2 Nb4 43. Kd2 Rc7 44. Rh4 Rc2+ 45. Ke1 Nd3+ 46.
Kd1 Ra2 47. f3 exf3 0-1

[Event "Chpt de France Universitaire"]
[Site "Nantes"]
[Date "2013.03.23"]
[Round "1.4"]
[White "Ludwiczak, Virginie"]
[Black "Delorme, Axel"]
[Result "0-1"]
[WhiteElo "1970"]
[BlackElo "2460"]
[PlyCount "105"]
[EventDate "2013.??.??"]

1. c4 Nf6 2. Nc3 e6 3. d4 Bb4 4. Qc2 O-O 5. Bg5 c5 6. e3 h6 7. Bh4 d6 8. Nf3
Nbd7 9. Bd3 Qa5 10. O-O Bxc3 11. bxc3 Re8 12. Nd2 e5 13. f3 Qc7 14. Rfe1 b6 15.
Ne4 Nxe4 16. Bxe4 Bb7 17. Bxb7 Qxb7 18. Rab1 cxd4 19. cxd4 Rac8 20. Qb3 Qc6 21.
Rbc1 exd4 22. exd4 Rxe1+ 23. Bxe1 Re8 24. Bd2 Nf6 25. a4 Nd7 26. Qb5 Rc8 27.
Bf4 Qxb5 28. axb5 d5 29. cxd5 Rxc1+ 30. Bxc1 Nf6 31. d6 Kf8 32. Kf2 Ke8 33. Ke2
Kd7 34. Ba3 Nd5 35. g3 Nc3+ 36. Kd3 Nxb5 37. Bb2 Nxd6 38. d5 f6 39. g4 a5 40.
h4 Nf7 41. f4 Nd6 42. g5 hxg5 43. hxg5 fxg5 44. Bxg7 gxf4 45. Be5 f3 46. Bd4 b5
47. Bb6 Nc4 48. Bf2 a4 49. Ke4 a3 50. Kxf3 b4 51. Ke4 b3 52. Kd3 b2 53. Kd4 0-1

[Event "Chpt de France Universitaire"]
[Site "Nantes"]
[Date "2013.03.23"]
[Round "1.5"]
[White "Loiseau, Quentin"]
[Black "Armas, Lena"]
[Result "1-0"]
[WhiteElo "2460"]
[BlackElo "1920"]
[PlyCount "93"]
[EventDate "2013.??.??"]

1. Nf3 g6 2. c4 Bg7 3. Nc3 c5 4. e3 d6 5. d4 cxd4 6. exd4 Nc6 7. h3 Nf6 8. Be3
O-O 9. Be2 Bd7 10. Rc1 Rc8 11. b3 Bf5 12. O-O Nb4 13. a3 Nc6 14. b4 Ne4 15. Na4
d5 16. cxd5 Qxd5 17. Bc4 Qd7 18. d5 Ne5 19. Nxe5 Bxe5 20. g4 b5 21. f4 Bg7 22.
Bb3 Bxg4 23. hxg4 bxa4 24. Bxa4 Qb7 25. Bc6 Qb8 26. Qf3 Nd6 27. Rc2 Nb5 28. Rh2
h6 29. f5 Nd4 30. Bxd4 Bxd4+ 31. Kh1 Bg7 32. g5 h5 33. f6 exf6 34. gxf6 Bh6 35.
Rg1 Kh7 36. Qd3 Qf4 37. Rf1 Qe5 38. b5 Rfd8 39. Re2 Qg5 40. d6 Qh4+ 41. Rh2 Qg4
42. d7 Rc7 43. Rd1 Bf4 44. Rh3 Be5 45. Rg1 Qf5 46. Qxf5 gxf5 47. Rxh5# 1-0

[Event "Chpt de France Universitaire"]
[Site "Nantes"]
[Date "2013.03.23"]
[Round "1.6"]
[White "Contois, Frederick-Andre"]
[Black "Demuth, Adrien"]
[Result "0-1"]
[WhiteElo "1920"]
[BlackElo "2457"]
[PlyCount "81"]
[EventDate "2013.??.??"]

1. e4 c5 2. Nf3 Nc6 3. Bb5 e6 4. Bxc6 bxc6 5. O-O Ne7 6. Nc3 Ng6 7. Re1 Be7 8.
d3 f6 9. Ne2 e5 10. Ng3 d6 11. c3 O-O 12. h4 Bg4 13. Qb3+ Rf7 14. Nh2 Bd7 15.
h5 Nh4 16. Rf1 Rb8 17. Qc2 f5 18. exf5 Nxf5 19. Bd2 Qb6 20. b3 Rbf8 21. h6 g6
22. Ne4 Qd8 23. Nf3 Nh4 24. Nxh4 Bxh4 25. f3 Be7 26. Rae1 Rf5 27. Ng3 R5f7 28.
Qc1 Bh4 29. Ne4 Bxe1 30. Qxe1 Bf5 31. Bg5 Qd7 32. Qf2 Qe6 33. c4 a5 34. Bd2
Bxe4 35. dxe4 a4 36. bxa4 Qxc4 37. a5 Qxa2 38. Bc3 Qxf2+ 39. Rxf2 Rb7 40. Rd2
Rb3 41. Bb2 0-1

[Event "Chpt de France Universitaire"]
[Site "Nantes"]
[Date "2013.03.23"]
[Round "2.1"]
[White "Miqueu, Jean-Philippe"]
[Black "Lagarde, Maxime"]
[Result "0-1"]
[WhiteElo "2230"]
[BlackElo "2560"]
[PlyCount "218"]
[EventDate "2013.??.??"]

1. e4 c5 2. Nf3 d6 3. Bb5+ Nc6 4. O-O Bg4 5. h3 Bh5 6. Re1 e5 7. c3 Nge7 8. g4
Bg6 9. d4 a6 10. Bf1 f6 11. Nbd2 Nc8 12. d5 Nb8 13. a4 Be7 14. Nh4 Bf7 15. Nf5
O-O 16. c4 Re8 17. Ra3 Bf8 18. Rg3 g6 19. Ne3 Ne7 20. Bd3 Bh6 21. Kh1 Nd7 22.
Nf3 Bf4 23. Rg2 h6 24. Nf1 Rb8 25. Ng3 Qa5 26. Be3 Kg7 27. Reg1 Rh8 28. b3 Bxg3
29. fxg3 g5 30. Rh2 Bg6 31. Bd2 Qc7 32. Ne1 b6 33. Nc2 b5 34. axb5 axb5 35. Qf3
bxc4 36. Bxc4 Nb6 37. Rf1 Rbf8 38. Ne3 Nxc4 39. bxc4 Qd7 40. Bc3 h5 41. gxh5
Bxh5 42. g4 Bg6 43. Rb2 Rf7 44. Rfb1 Nc8 45. Kg2 Qa4 46. Rb7 Rhf8 47. Rb8 Ne7
48. R8b7 Ng8 49. R7b2 Ra8 50. Rb7 Ra7 51. Rb8 Ne7 52. Ra1 Qd7 53. Rxa7 Qxa7 54.
Rb2 Rf8 55. Nd1 Ra8 56. Nf2 Qa4 57. Qd3 Be8 58. Kf3 Ng6 59. Bd2 Ra7 60. Nh1 Nf4
61. Bxf4 exf4 62. Nf2 Re7 63. Nh1 Bg6 64. Nf2 Qe8 65. Re2 Qh8 66. Rb2 Qh4 67.
Kg2 Qh7 68. Re2 Qg8 69. Rb2 Qe8 70. Re2 Rb7 71. Qc3 Qe5 72. Qd3 Rb4 73. Kf3 Qe7
74. Ra2 Qb7 75. Ra3 Rb2 76. Qc3 Bf7 77. Nd3 Rh2 78. Nf2 Qb1 79. Ra1 Qb8 80. Rh1
Rxh1 81. Nxh1 Qb1 82. Nf2 Qg1 83. Ke2 Bg6 84. Qb3 Qg3 85. Qf3 Kf7 86. Nd3 Qh2+
87. Nf2 Qg3 88. Nd3 Qxf3+ 89. Kxf3 Ke7 90. Ne1 Kd7 91. Nd3 Kc7 92. Nf2 Kb6 93.
Ke2 Ka5 94. Kd3 Kb4 95. Nd1 Be8 96. Nc3 Ba4 97. e5 fxe5 98. Ne4 f3 99. Nxd6 f2
100. Ke2 Kc3 101. Kxf2 Kd3 102. h4 gxh4 103. g5 e4 104. g6 e3+ 105. Kg2 h3+
106. Kxh3 e2 107. g7 e1=Q 108. g8=Q Qh1+ 109. Kg4 Qg2+ 0-1

[Event "Chpt de France Universitaire"]
[Site "Nantes"]
[Date "2013.03.23"]
[Round "2.2"]
[White "Sochacki, Wojtek"]
[Black "Gallant, Aurelien"]
[Result "1-0"]
[WhiteElo "2540"]
[BlackElo "2220"]
[PlyCount "65"]
[EventDate "2013.??.??"]

1. e4 c5 2. Nc3 a6 3. Nge2 d6 4. g3 Nf6 5. Bg2 g6 6. O-O Nc6 7. d4 cxd4 8. Nxd4
Bg7 9. Nxc6 bxc6 10. e5 Nd5 11. Nxd5 cxd5 12. Qxd5 Rb8 13. exd6 Bb7 14. d7+
Qxd7 15. Qxd7+ Kxd7 16. Bxb7 Rxb7 17. Rd1+ Kc8 18. Rb1 Kb8 19. b3 Rc8 20. c4 a5
21. Be3 a4 22. bxa4 Rxc4 23. a5 Rc6 24. Bb6 Be5 25. Rd8+ Rc8 26. Rd5 Bd6 27.
Rdb5 Ka8 28. a6 Rbb8 29. Be3 Rxb5 30. Rxb5 Rc6 31. a7 Rc2 32. a4 Rc7 33. Rb8#
1-0

[Event "Chpt de France Universitaire"]
[Site "Nantes"]
[Date "2013.03.23"]
[Round "2.3"]
[White "Sebag, Marie"]
[Black "Roubert, Emile"]
[Result "1-0"]
[WhiteElo "2504"]
[BlackElo "2180"]
[PlyCount "59"]
[EventDate "2013.??.??"]

1. e4 e5 2. Nf3 Nc6 3. Bb5 a6 4. Ba4 Nf6 5. O-O Be7 6. Re1 b5 7. Bb3 d6 8. c3
O-O 9. h3 Na5 10. Bc2 c5 11. d4 Nd7 12. dxc5 dxc5 13. Nbd2 Qc7 14. Nf1 Nb6 15.
N3h2 Be6 16. Ng3 Rfd8 17. Qf3 Nac4 18. b3 Nd6 19. Ng4 Bxg4 20. Qxg4 Bf8 21. f4
exf4 22. Bxf4 Qd7 23. Qf3 f6 24. e5 fxe5 25. Bxe5 Qf7 26. Qg4 Nd5 27. Rf1 Qd7
28. Qh5 g6 29. Bxg6 hxg6 30. Qh8# 1-0

[Event "Chpt de France Universitaire"]
[Site "Nantes"]
[Date "2013.03.23"]
[Round "2.4"]
[White "Delorme, Axel"]
[Black "Le Ruyet, Leopold"]
[Result "0-1"]
[WhiteElo "2460"]
[BlackElo "2170"]
[PlyCount "74"]
[EventDate "2013.??.??"]

1. d4 Nf6 2. g3 e6 3. c4 d5 4. Nf3 c5 5. cxd5 exd5 6. Bg2 Be7 7. O-O Nc6 8. Nc3
O-O 9. dxc5 Bxc5 10. Na4 Be7 11. Be3 b6 12. Rc1 Bb7 13. Nd4 Nxd4 14. Bxd4 Ne4
15. Nc3 Rc8 16. Qd3 Re8 17. Rfd1 Bf6 18. Nxd5 Qxd5 19. Bxf6 Rxc1 20. Rxc1 gxf6
21. Rc7 Qe5 22. Qd7 Bd5 23. Rxa7 Nd6 24. Bf1 Be6 25. Qa4 b5 26. Qb4 Nc4 27. b3
Nd6 28. a4 bxa4 29. bxa4 Bd5 30. a5 Nc4 31. Rd7 Qe4 32. f3 Qd4+ 33. Kh1 Qd1 34.
Kg2 Ne3+ 35. Kh3 Qxf1+ 36. Kh4 Qxe2 37. Re7 Rxe7 0-1

[Event "Chpt de France Universitaire"]
[Site "Nantes"]
[Date "2013.03.23"]
[Round "2.5"]
[White "Le Goff, Ronan"]
[Black "Loiseau, Quentin"]
[Result "1-0"]
[WhiteElo "2220"]
[BlackElo "2460"]
[PlyCount "57"]
[EventDate "2013.??.??"]

1. d4 Nf6 2. Nf3 d5 3. e3 c5 4. Bd3 Nc6 5. O-O e6 6. b3 Bd6 7. Bb2 Qe7 8. Ne5
O-O 9. f4 a6 10. Qf3 Nb4 11. Nd2 Nxd3 12. cxd3 Nd7 13. Qg3 f6 14. Ng4 b5 15. e4
cxd4 16. exd5 exd5 17. Rae1 Qd8 18. Nh6+ Kh8 19. Nf5 g6 20. Nxd6 Qc7 21. Nxc8
Raxc8 22. Bxd4 Qc2 23. Re7 Rc7 24. Qh3 h5 25. Rxd7 Rxd7 26. Qxd7 Qxd2 27. Qe7
Kg8 28. Bxf6 Rf7 29. Qe8+ 1-0

[Event "Chpt de France Universitaire"]
[Site "Nantes"]
[Date "2013.03.23"]
[Round "2.6"]
[White "Demuth, Adrien"]
[Black "Durand, Victor"]
[Result "1-0"]
[WhiteElo "2457"]
[BlackElo "2130"]
[PlyCount "54"]
[EventDate "2013.??.??"]

1. d4 d5 2. c4 c6 3. Nf3 Nf6 4. Qc2 e6 5. Nbd2 Nbd7 6. g3 Be7 7. Bg2 O-O 8. O-O
b6 9. e4 Bb7 10. e5 Ne8 11. cxd5 exd5 12. Re1 Nc7 13. Nf1 Ne6 14. Ne3 Re8 15.
Nf5 Bf8 16. h4 Rc8 17. Ng5 Nxg5 18. Bxg5 f6 19. exf6 Nxf6 20. Re5 Qc7 21. Bxf6
gxf6 22. Bxd5+ cxd5 23. Qxc7 Rxc7 24. Rxe8 Kf7 25. Ree1 Rc2 26. Rac1 Rxc1 27.
Rxc1 Ke6 1-0

[Event "Chpt de France Universitaire"]
[Site "Nantes"]
[Date "2013.03.23"]
[Round "3.1"]
[White "Lagarde, Maxime"]
[Black "Bouget, Alexandre"]
[Result "1-0"]
[WhiteElo "2560"]
[BlackElo "2340"]
[PlyCount "55"]
[EventDate "2013.??.??"]

1. d4 Nf6 2. c4 g6 3. Nc3 d5 4. e3 Bg7 5. Qb3 dxc4 6. Bxc4 O-O 7. Nf3 a6 8. O-O
b5 9. Be2 Be6 10. Qc2 Nbd7 11. e4 c5 12. d5 Bg4 13. Bf4 Ne8 14. Rad1 Bxf3 15.
Bxf3 Nd6 16. Rfe1 Ne5 17. Be2 f6 18. Bg3 g5 19. Bh5 Rc8 20. Ne2 Qa5 21. a3 Nec4
22. Bg4 f5 23. exf5 h5 24. f6 hxg4 25. fxg7 Kxg7 26. Nc3 Nf5 27. Qc1 Kg6 28.
Ne4 1-0

[Event "Chpt de France Universitaire"]
[Site "Nantes"]
[Date "2013.03.23"]
[Round "3.2"]
[White "Charmeteau, Sven"]
[Black "Sochacki, Wojtek"]
[Result "1-0"]
[WhiteElo "2360"]
[BlackElo "2540"]
[PlyCount "55"]
[EventDate "2013.??.??"]

1. e4 c5 2. Nc3 Nc6 3. f4 e6 4. Bc4 Na5 5. d3 a6 6. a4 Nxc4 7. dxc4 b6 8. Nf3
Bb7 9. O-O Be7 10. Qd3 Qc7 11. a5 bxa5 12. e5 f5 13. exf6 Nxf6 14. f5 d5 15.
Ng5 Qc6 16. Nxe6 d4 17. Nd5 Kf7 18. Qg3 Rhg8 19. Bg5 Nxd5 20. cxd5 Qxd5 21.
Bxe7 Kxe7 22. Rae1 Kf6 23. Nc7 Qxg2+ 24. Qxg2 Bxg2 25. Kxg2 Rgd8 26. Nxa8 Rxa8
27. Re6+ Kf7 28. Rc6 1-0

[Event "Chpt de France Universitaire"]
[Site "Nantes"]
[Date "2013.03.23"]
[Round "3.3"]
[White "Duboue, Peio"]
[Black "Sebag, Marie"]
[Result "0-1"]
[WhiteElo "2320"]
[BlackElo "2504"]
[PlyCount "60"]
[EventDate "2013.??.??"]

1. e4 c5 2. Nf3 d6 3. d4 cxd4 4. Nxd4 Nf6 5. Nc3 a6 6. f3 e5 7. Nb3 Be7 8. Be3
O-O 9. Qd2 Be6 10. O-O-O a5 11. Kb1 a4 12. Nc1 a3 13. b3 Ra5 14. g4 d5 15. g5
Nxe4 16. fxe4 d4 17. Qe1 Qc7 18. Nb5 Rxb5 19. Bxb5 Rc8 20. c4 dxe3 21. Qxe3 Nc6
22. Bxc6 Qxc6 23. h4 b5 24. Ne2 bxc4 25. Rc1 Bc5 26. Qf3 Rb8 27. Rc3 Qb6 28.
Rhc1 cxb3 29. axb3 Bxb3 30. Ka1 Bd1 0-1

[Event "Chpt de France Universitaire"]
[Site "Nantes"]
[Date "2013.03.23"]
[Round "3.4"]
[White "Hutois, Mickael"]
[Black "Demuth, Adrien"]
[Result "0-1"]
[WhiteElo "2230"]
[BlackElo "2457"]
[PlyCount "76"]
[EventDate "2013.??.??"]

1. e4 c5 2. Nf3 Nc6 3. d4 cxd4 4. Nxd4 Nf6 5. Nc3 d6 6. Be3 Ng4 7. Qd2 Nxe3 8.
Qxe3 g6 9. Bc4 Bg7 10. Nce2 O-O 11. c3 Bd7 12. O-O Qb6 13. Nxc6 bxc6 14. Qxb6
axb6 15. Rfd1 b5 16. Bb3 Rfb8 17. a3 Kf8 18. f4 Ra7 19. Rd2 c5 20. Rad1 Bc6 21.
Ng3 b4 22. axb4 cxb4 23. c4 Bf6 24. Kf2 Ba4 25. Bxa4 Rxa4 26. Ke3 g5 27. f5 Be5
28. Ne2 b3 29. Kd3 Rbb4 30. Rc1 e6 31. g3 exf5 32. exf5 Bf6 33. g4 Be5 34. h3
h6 35. Nd4 d5 36. Nc6 Rxc4 37. Rxc4 dxc4+ 38. Ke2 Bxb2 0-1

[Event "Chpt de France Universitaire"]
[Site "Nantes"]
[Date "2013.03.23"]
[Round "3.5"]
[White "Sochacki, Christophe"]
[Black "Stephan, Victor"]
[Result "0-1"]
[WhiteElo "2440"]
[BlackElo "2270"]
[PlyCount "56"]
[EventDate "2013.??.??"]

1. e4 c6 2. d4 d5 3. e5 Bf5 4. h4 h5 5. Be2 c5 6. dxc5 Nc6 7. e6 Bxe6 8. Bxh5
Nf6 9. Bf3 Qa5+ 10. Nc3 O-O-O 11. Bd2 Qxc5 12. Nge2 d4 13. b4 Nxb4 14. Na4 Qc4
15. O-O Nc6 16. c3 dxc3 17. Bf4 Rxd1 18. Rfxd1 Qxa4 19. g3 c2 20. Rd2 Bg4 21.
Bxc6 bxc6 22. Nc3 Qa5 23. Rxc2 Bf5 24. Rcc1 e5 25. Bd2 Bb4 26. a3 Bxc3 27. Bxc3
Qd5 28. Rd1 Qf3 0-1

[Event "Chpt de France Universitaire"]
[Site "Nantes"]
[Date "2013.03.23"]
[Round "3.6"]
[White "Le Ruyet, Leopold"]
[Black "Dubessay, Bastien"]
[Result "0-1"]
[WhiteElo "2170"]
[BlackElo "2390"]
[PlyCount "48"]
[EventDate "2013.??.??"]

1. e4 c5 2. Nf3 b6 3. d4 cxd4 4. Nxd4 Bb7 5. Nc3 a6 6. a4 e6 7. Bd3 Nc6 8. Nxc6
dxc6 9. O-O Nf6 10. e5 Nd5 11. Ne4 Be7 12. Qg4 Kf8 13. Bg5 Bxg5 14. Nxg5 h5 15.
Qg3 h4 16. Qg4 Qe7 17. h3 c5 18. Ne4 Bc6 19. Nd6 f5 20. Qc4 Qg5 21. f4 Nxf4 22.
Be4 Nd5 23. Bd3 Qe7 24. Qg4 Nb4 0-1

[Event "Chpt de France Universitaire"]
[Site "Nantes"]
[Date "2013.03.23"]
[Round "4.3"]
[White "Demuth, Adrien"]
[Black "Le Goff, Ronan"]
[Result "1-0"]
[WhiteElo "2457"]
[BlackElo "2220"]
[PlyCount "59"]
[EventDate "2013.??.??"]

1. Nf3 Nf6 2. g3 d5 3. Bg2 e6 4. O-O Be7 5. c4 O-O 6. b3 c5 7. cxd5 exd5 8. d4
Nc6 9. Bb2 b6 10. Nc3 Bb7 11. Rc1 Re8 12. dxc5 Bxc5 13. Nb5 Ne4 14. Nbd4 Nxd4
15. Nxd4 Qd7 16. Qd3 Rad8 17. Rfd1 Bf8 18. Qf3 Rc8 19. Rxc8 Bxc8 20. Nc2 Qc7
21. Ne3 Bb7 22. Qf4 Qxf4 23. gxf4 Bc5 24. Bd4 Bxd4 25. Rxd4 Nc3 26. Kf1 Rd8 27.
a4 a5 28. Rd3 Na2 29. Bxd5 Nc1 30. Bxf7+ 1-0

[Event "Chpt de France Universitaire"]
[Site "Nantes"]
[Date "2013.03.23"]
[Round "4.4"]
[White "Stephan, Victor"]
[Black "Loiseau, Quentin"]
[Result "1/2-1/2"]
[WhiteElo "2270"]
[BlackElo "2460"]
[PlyCount "94"]
[EventDate "2013.??.??"]

1. d4 Nf6 2. c4 c6 3. Nf3 d5 4. e3 Nbd7 5. Bd3 e6 6. b3 g6 7. O-O Bg7 8. Ba3 c5
9. dxc5 dxc4 10. Bxc4 Ne4 11. Nd4 Nexc5 12. Nc3 O-O 13. Na4 Nxa4 14. Bxf8 Nb2
15. Qe2 Bxd4 16. exd4 Nxc4 17. Qxc4 Nxf8 18. Rac1 Bd7 19. Qc5 Bc6 20. Rfd1 Nd7
21. Qd6 Nf6 22. Qe5 Qd5 23. Rxc6 bxc6 24. Qxf6 c5 25. h4 Rd8 26. h5 gxh5 27.
Rd3 Kf8 28. Rf3 Rd7 29. dxc5 Qxc5 30. Rc3 Rd1+ 31. Kh2 Qd6+ 32. g3 Qd8 33. Qh6+
Ke8 34. Qxh7 Rd2 35. Qg8+ Ke7 36. Qg5+ Ke8 37. Qg8+ Ke7 38. Qg5+ Ke8 39. Qb5+
Kf8 40. Qb4+ Kg7 41. Qf4 Rd5 42. Rf3 Rf5 43. Qe4 Rxf3 44. Qxf3 Qa5 45. Qe3 Qxa2
46. Qg5+ Kf8 47. Qd8+ Kg7 1/2-1/2

[Event "Chpt de France Universitaire"]
[Site "Nantes"]
[Date "2013.03.23"]
[Round "4.5"]
[White "Sochacki, Wojtek"]
[Black "Le Ruyet, Leopold"]
[Result "1/2-1/2"]
[WhiteElo "2540"]
[BlackElo "2170"]
[PlyCount "138"]
[EventDate "2013.??.??"]

1. e4 c5 2. Nc3 d6 3. Nge2 g6 4. g3 Bg7 5. Bg2 Nf6 6. O-O Nc6 7. h3 O-O 8. d3
Rb8 9. a4 a6 10. f4 Nd7 11. Be3 Nd4 12. Qd2 Nxe2+ 13. Qxe2 b5 14. axb5 axb5 15.
Qd2 b4 16. Nd1 Bb7 17. c3 bxc3 18. bxc3 Ra8 19. Nb2 Qc7 20. Nc4 e6 21. f5 d5
22. Rxa8 Rxa8 23. fxe6 fxe6 24. exd5 exd5 25. Bf4 Qc6 26. Nd6 g5 27. Qe2 Nf8
28. Be5 Ng6 29. d4 cxd4 30. cxd4 Ba6 31. Qf3 Bxe5 32. Qf7+ Kh8 33. dxe5 Rf8 34.
Qxf8+ Nxf8 35. Rxf8+ Kg7 36. Rf7+ Kg8 37. Rf2 Qc5 38. Ne8 Bb7 39. Nf6+ Kg7 40.
Ne8+ Kg8 41. Nf6+ Kg7 42. Ne8+ Kg8 43. Nd6 Bc6 44. Nf5 d4 45. Bxc6 d3 46. Bd5+
Kh8 47. Bf3 Qxe5 48. g4 Qe1+ 49. Kg2 d2 50. Rf1 Kg8 51. Ng3 Kf7 52. Bd5+ Ke7
53. Bf3 Kd7 54. Ne4 Kc7 55. Nxg5 Kd6 56. Ne4+ Ke5 57. Nf2 Kd4 58. Ne4 Ke3 59.
Ng3 Kd3 60. Bd1 Ke3 61. Rf3+ Kd4 62. Nf5+ Ke5 63. Re3+ Kf4 64. Rf3+ Ke5 65. Rf1
Qe4+ 66. Bf3 Qe1 67. Ng3 Kd4 68. Nh1 Ke3 69. Ng3 Kd4 1/2-1/2

[Event "Chpt de France Universitaire"]
[Site "Nantes"]
[Date "2013.03.23"]
[Round "4.6"]
[White "Delorme, Axel"]
[Black "Chandesris, Ludovic"]
[Result "1-0"]
[WhiteElo "2460"]
[BlackElo "2090"]
[PlyCount "71"]
[EventDate "2013.??.??"]

1. d4 d5 2. c4 c6 3. Nf3 e6 4. Qc2 f5 5. Bf4 Nf6 6. e3 Be7 7. h3 Nbd7 8. Nbd2
Ne4 9. Bd3 Bf6 10. g4 Qe7 11. Bxe4 fxe4 12. g5 exf3 13. gxf6 gxf6 14. O-O-O Nf8
15. Nxf3 Bd7 16. Bg3 Ng6 17. h4 Nf8 18. h5 h6 19. Kb1 Qh7 20. Nh4 Qxc2+ 21.
Kxc2 Ke7 22. Bf4 Be8 23. Rdg1 Rh7 24. Ng6+ Kf7 25. c5 b6 26. Bd6 Nd7 27. Rg3 e5
28. Rhg1 bxc5 29. dxc5 f5 30. f4 Nf6 31. Nf8 Nxh5 32. Nxh7 Nxg3 33. Rxg3 exf4
34. exf4 Ke6 35. Be5 Bh5 36. Rh3 1-0

[Event "Chpt de France Universitaire"]
[Site "Nantes"]
[Date "2013.03.23"]
[Round "5.1"]
[White "Lagarde, Maxime"]
[Black "Sebag, Marie"]
[Result "1-0"]
[WhiteElo "2560"]
[BlackElo "2504"]
[PlyCount "99"]
[EventDate "2013.??.??"]

1. e4 c5 2. Nf3 d6 3. d4 cxd4 4. Qxd4 Nc6 5. Bb5 Bd7 6. Bxc6 Bxc6 7. Nc3 Nf6 8.
Bg5 e6 9. Qd3 Be7 10. Nd4 Qa5 11. Bd2 Qc7 12. f4 O-O 13. O-O-O a6 14. f5 Bd7
15. g4 Rfc8 16. g5 Ng4 17. Qg3 Ne5 18. h4 Qc4 19. Bf4 Qb4 20. Bxe5 dxe5 21.
Nxe6 Rxc3 22. Qxc3 Qxe4 23. Rhe1 Qxh4 24. Rxd7 fxe6 25. Qxe5 Qxg5+ 26. Kb1 Kh8
27. Qxe6 Bf8 28. a3 h6 29. Qg6 Qh4 30. Rg1 Qf2 31. Rxg7 Qxg1+ 32. Qxg1 Bxg7 33.
Qb6 Rf8 34. Qxb7 Rxf5 35. Qxa6 Kh7 36. Qd3 Kg6 37. a4 Kg5 38. a5 Bf8 39. a6 Bc5
40. Qd7 h5 41. a7 Bxa7 42. Qxa7 h4 43. Qg7+ Kf4 44. Qg2 Rg5 45. Qh2+ Kg4 46. c4
h3 47. c5 Kh4 48. c6 Rg2 49. Qf4+ Rg4 50. Qxg4+ 1-0

[Event "Chpt de France Universitaire"]
[Site "Nantes"]
[Date "2013.03.23"]
[Round "5.2"]
[White "Stephan, Victor"]
[Black "Demuth, Adrien"]
[Result "1/2-1/2"]
[WhiteElo "2270"]
[BlackElo "2457"]
[PlyCount "26"]
[EventDate "2013.??.??"]

1. d4 d5 2. c4 c6 3. Nf3 Nf6 4. cxd5 cxd5 5. Nc3 Nc6 6. Bf4 Bf5 7. e3 e6 8. Qb3
Bb4 9. Bb5 O-O 10. Bxc6 Bxc3+ 11. Qxc3 Rc8 12. Ne5 Ng4 13. Nxg4 Bxg4 1/2-1/2

[Event "Chpt de France Universitaire"]
[Site "Nantes"]
[Date "2013.03.23"]
[Round "5.3"]
[White "Duboue, Peio"]
[Black "Delorme, Axel"]
[Result "0-1"]
[WhiteElo "2320"]
[BlackElo "2460"]
[PlyCount "130"]
[EventDate "2013.??.??"]

1. e4 e5 2. Nf3 Nc6 3. Bc4 d6 4. O-O g6 5. d4 exd4 6. Nxd4 Bg7 7. Nxc6 bxc6 8.
Nc3 Nf6 9. e5 Ng4 10. exd6 cxd6 11. Re1+ Kf8 12. Bf4 d5 13. Nxd5 cxd5 14. Qxd5
Qxd5 15. Bxd5 Bxb2 16. Rad1 Bc3 17. Bd6+ Kg7 18. Re7 Nh6 19. Bxa8 Be6 20. Rxa7
Nf5 21. Bc5 Rc8 22. Be3 Be5 23. Be4 Nxe3 24. fxe3 Bc7 25. Rb7 Ba5 26. Bd5 Kf6
27. Rf1+ Ke5 28. Bxe6 Kxe6 29. Rfxf7 Rxc2 30. Rxh7 Bd2 31. Rhe7+ Kf6 32. h3 Be1
33. Kh2 Rxa2 34. Rf7+ Kg5 35. Rb5+ Kh6 36. Rf3 Ra6 37. e4 Re6 38. Re3 Bd2 39.
Re2 Bf4+ 40. g3 Be5 41. Kg2 Re7 42. g4 Kg5 43. Kf3 Rf7+ 44. Ke3 Re7 45. Kd3 Kh4
46. Re3 Bf4 47. Rf3 g5 48. Kd4 Rd7+ 49. Kc4 Re7 50. Kd5 Re5+ 51. Kc6 Rxe4 52.
Rb7 Re6+ 53. Kd5 Rd6+ 54. Ke4 Rh6 55. Kf5 Rh8 56. Kg6 Rg8+ 57. Kf7 Rc8 58. Rb6
Rc7+ 59. Kg6 Be5 60. Kf5 Bg7 61. Re6 Rf7+ 62. Ke4 Rb7 63. Rd3 Rf7 64. Rg6 Re7+
65. Kf5 Re5# 0-1

[Event "Chpt de France Universitaire"]
[Site "Nantes"]
[Date "2013.03.23"]
[Round "5.4"]
[White "Sochacki, Christophe"]
[Black "Miqueu, Jean-Philippe"]
[Result "1-0"]
[WhiteElo "2440"]
[BlackElo "2230"]
[PlyCount "69"]
[EventDate "2013.??.??"]

1. e4 e5 2. Nf3 Nc6 3. d4 exd4 4. Nxd4 Bc5 5. Be3 Qf6 6. Nb5 Bxe3 7. fxe3 Qe5
8. Qd5 Kd8 9. Qxf7 Nh6 10. Qf4 Re8 11. Nd2 d6 12. Qxe5 Nxe5 13. h3 Ng8 14. g4
Nf6 15. g5 Nh5 16. Rg1 g6 17. O-O-O Bd7 18. Nd4 Rf8 19. Be2 Ng7 20. h4 Rf2 21.
Rdf1 Rxf1+ 22. Rxf1 Ke7 23. Nc4 Nxc4 24. Bxc4 Ne6 25. Kd2 c5 26. Nxe6 Bxe6 27.
Bd5 Rb8 28. Rf6 Bg8 29. Kd3 b5 30. Bxg8 Rxg8 31. e5 dxe5 32. Ra6 Rd8+ 33. Ke4
Rd7 34. Kxe5 Kd8 35. Rd6 1-0

[Event "Chpt de France Universitaire"]
[Site "Nantes"]
[Date "2013.03.23"]
[Round "5.5"]
[White "Hutois, Mickael"]
[Black "Dubessay, Bastien"]
[Result "1-0"]
[WhiteElo "2230"]
[BlackElo "2390"]
[PlyCount "105"]
[EventDate "2013.??.??"]

1. e4 c5 2. Nf3 d6 3. d4 cxd4 4. Qxd4 Nc6 5. Bb5 Bd7 6. Bxc6 Bxc6 7. c4 Nf6 8.
Nc3 g6 9. O-O Bg7 10. Qd3 O-O 11. Rb1 a5 12. b3 Nd7 13. Nd4 Nc5 14. Qe3 e6 15.
a3 Bd7 16. b4 axb4 17. axb4 Na4 18. Nxa4 Bxa4 19. Bb2 Qb6 20. Qc3 Rfc8 21. Rfc1
e5 22. Nf3 Bh6 23. Re1 f6 24. Qd3 Kh8 25. Ba3 Be8 26. Bc1 Bf8 27. Be3 Qc7 28.
Rec1 Bf7 29. Nd2 Be6 30. h3 f5 31. f3 f4 32. Bf2 Ra2 33. c5 Rd8 34. Nb3 d5 35.
Bh4 Be7 36. Bxe7 Qxe7 37. exd5 Rxd5 38. Qc3 Bxh3 39. Rb2 Rxb2 40. Qxb2 Bc8 41.
Re1 Kg8 42. Nd2 Bf5 43. Nc4 e4 44. fxe4 Bxe4 45. Nd6 Re5 46. Qd4 g5 47. Rxe4
Rxe4 48. Qxe4 Qf6 49. Qf5 Qa1+ 50. Kh2 Qa2 51. Qxg5+ Kf8 52. Qxf4+ Ke7 53. Nxb7
1-0